[Event "EYCC 2024 - O14"]
[Site "?"]
[Date "2024.08.26"]
[Round "5.1"]
[White "Haug, Havard"]
[Black "Sowinski, Pawel"]
[Result "1/2-1/2"]
[BlackElo "2463"]
[WhiteElo "2315"]
[LiveChessVersion "1.4.8"]

1. e4 {[%clk 1:30:56]} c5 {[%clk 1:30:57]} 2. c3 {[%clk 1:31:06]} Nf6
{[%clk 1:31:25]} 3. e5 {[%clk 1:31:31]} Nd5 {[%clk 1:31:53]} 4. Nf3
{[%clk 1:31:49]} Nc6 {[%clk 1:32:02]} 5. Bc4 {[%clk 1:31:16]} Nb6
{[%clk 1:32:31]} 6. Bb3 {[%clk 1:31:38]} d5 {[%clk 1:32:43]} 7. exd6
{[%clk 1:31:43]} Qxd6 {[%clk 1:33:11]} 8. O-O {[%clk 1:31:54]} c4
{[%clk 1:33:40]} 9. Bc2 {[%clk 1:32:16]} Bg4 {[%clk 1:34:07]} 10. h3
{[%clk 1:30:45]} Bh5 {[%clk 1:34:36]} 11. Re1 {[%clk 1:30:50]} O-O-O
{[%clk 1:32:32]} 12. b3 {[%clk 1:25:59]} Ne5 {[%clk 1:21:03]} 13. Rxe5
{[%clk 1:19:15]} Bxf3 {[%clk 1:21:21]} 14. Qe1 {[%clk 1:19:40]} Bd5
{[%clk 1:14:53]} 15. Na3 {[%clk 1:12:01]} f6 {[%clk 1:08:51]} 16. Re3
{[%clk 1:07:24]} e5 {[%clk 1:07:26]} 17. bxc4 {[%clk 1:02:24]} Nxc4
{[%clk 1:07:55]} 18. Nxc4 {[%clk 1:02:44]} Bxc4 {[%clk 1:08:23]} 19. d4
{[%clk 1:01:39]} Qc7 {[%clk 1:00:49]} 20. dxe5 {[%clk 0:54:10]} 1/2-1/2

[Event "EYCC 2024 - O14"]
[Site "?"]
[Date "2024.08.26"]
[Round "5.2"]
[White "Delgerdalai, Bayarjavkhlan"]
[Black "Ilinca, Felix-Antonio"]
[Result "1-0"]
[BlackElo "2386"]
[WhiteElo "2278"]
[LiveChessVersion "1.4.8"]

1. d4 {[%clk 1:30:42]} Nf6 {[%clk 1:30:11]} 2. c4 {[%clk 1:31:03]} e6
{[%clk 1:30:12]} 3. Nf3 {[%clk 1:31:07]} d5 {[%clk 1:30:15]} 4. Nc3
{[%clk 1:31:13]} dxc4 {[%clk 1:29:20]} 5. e3 {[%clk 1:30:10]} a6 {[%clk 1:28:56]}
6. a4 {[%clk 1:28:24]} b6 {[%clk 1:28:12]} 7. Bxc4 {[%clk 1:27:53]} Bb7
{[%clk 1:27:52]} 8. O-O {[%clk 1:26:20]} Bb4 {[%clk 1:26:00]} 9. Qe2
{[%clk 1:16:54]} O-O {[%clk 1:24:35]} 10. Ne5 {[%clk 1:12:12]} Nbd7
{[%clk 1:16:16]} 11. Nd3 {[%clk 1:05:26]} Bd6 {[%clk 1:08:08]} 12. e4
{[%clk 1:02:37]} e5 {[%clk 1:05:14]} 13. d5 {[%clk 0:58:54]} Re8 {[%clk 0:59:17]}
14. Bg5 {[%clk 0:49:58]} h6 {[%clk 0:56:18]} 15. Bh4 {[%clk 0:49:26]} c6
{[%clk 0:53:04]} 16. dxc6 {[%clk 0:47:56]} Bxc6 {[%clk 0:53:27]} 17. Rfc1
{[%clk 0:40:36]} Nf8 {[%clk 0:44:58]} 18. Bd5 {[%clk 0:29:38]} Bxd5
{[%clk 0:38:34]} 19. Bxf6 {[%clk 0:29:53]} Qxf6 {[%clk 0:38:39]} 20. Nxd5
{[%clk 0:29:56]} Qd8 {[%clk 0:38:22]} 21. Rc6 {[%clk 0:24:02]} Rb8
{[%clk 0:35:26]} 22. a5 {[%clk 0:09:37]} bxa5 {[%clk 0:34:42]} 23. Rxa6
{[%clk 0:10:02]} Bb4 {[%clk 0:31:08]} 24. N3xb4 {[%clk 0:07:48]} axb4
{[%clk 0:31:30]} 25. Ra7 {[%clk 0:05:23]} Ng6 {[%clk 0:24:23]} 26. Qf3
{[%clk 0:03:28]} Rf8 {[%clk 0:23:26]} 27. g3 {[%clk 0:02:56]} Qg5
{[%clk 0:22:10]} 28. Kh1 {[%clk 0:01:15]} b3 {[%clk 0:14:51]} 29. h4
{[%clk 0:01:23]} Qd2 {[%clk 0:15:12]} 30. h5 {[%clk 0:01:22]} Qxb2
{[%clk 0:15:30]} 31. hxg6 {[%clk 0:01:04]} fxg6 {[%clk 0:15:54]} 32. Ne7+
{[%clk 0:00:33]} Kh7 {[%clk 0:16:16]} 33. Qg4 {[%clk 0:00:33]} Rb6
{[%clk 0:10:11]} 34. Nf5 {[%clk 0:00:45]} Rg8 {[%clk 0:09:13]} 35. Nxg7
{[%clk 0:00:32]} Qxf2 {[%clk 0:05:42]} 36. Nf5+ {[%clk 0:00:42]} Kh8
{[%clk 0:06:06]} 37. Nxh6 {[%clk 0:01:00]} b2 {[%clk 0:03:11]} 38. Nf7+
{[%clk 0:01:16]} Qxf7 {[%clk 0:03:10]} 39. Qh4+ {[%clk 0:01:31]} Kg7
{[%clk 0:03:27]} 40. Rxf7+ {[%clk 0:02:00]} Kxf7 {[%clk 0:03:51]} 41. Ra7+
{[%clk 0:02:29]} 1-0

[Event "EYCC 2024 - O14"]
[Site "?"]
[Date "2024.08.26"]
[Round "5.3"]
[White "Torosyan, Volodya"]
[Black "Finek, Vaclav"]
[Result "0-1"]
[BlackElo "2467"]
[WhiteElo "2148"]
[LiveChessVersion "1.4.8"]

1. e4 {[%clk 1:30:57]} Nf6 {[%clk 1:30:49]} 2. e5 {[%clk 1:29:52]} Nd5
{[%clk 1:30:49]} 3. d4 {[%clk 1:30:16]} d6 {[%clk 1:31:15]} 4. Nf3
{[%clk 1:30:13]} dxe5 {[%clk 1:31:13]} 5. Nxe5 {[%clk 1:28:31]} c6
{[%clk 1:31:29]} 6. Be2 {[%clk 1:27:30]} Bf5 {[%clk 1:31:26]} 7. O-O
{[%clk 1:26:22]} Nd7 {[%clk 1:31:17]} 8. Bd3 {[%clk 1:22:20]} Bxd3
{[%clk 1:28:32]} 9. Qxd3 {[%clk 1:15:58]} e6 {[%clk 1:22:22]} 10. Nf3
{[%clk 1:07:39]} Bd6 {[%clk 1:19:08]} 11. c4 {[%clk 1:05:46]} N5f6
{[%clk 1:19:26]} 12. Nc3 {[%clk 1:02:22]} O-O {[%clk 1:19:42]} 13. Bg5
{[%clk 1:00:55]} h6 {[%clk 1:19:28]} 14. Bh4 {[%clk 1:00:52]} Qa5
{[%clk 1:10:20]} 15. Rfd1 {[%clk 0:55:33]} Qh5 {[%clk 1:04:13]} 16. Rab1
{[%clk 0:43:18]} Rfe8 {[%clk 0:59:37]} 17. Ne2 {[%clk 0:34:42]} Qa5
{[%clk 0:44:28]} 18. a3 {[%clk 0:29:33]} b5 {[%clk 0:42:59]} 19. Nc3
{[%clk 0:26:40]} bxc4 {[%clk 0:41:39]} 20. Qxc4 {[%clk 0:26:52]} Rec8
{[%clk 0:41:37]} 21. Bg3 {[%clk 0:22:18]} Bxg3 {[%clk 0:40:42]} 22. hxg3
{[%clk 0:22:45]} Rab8 {[%clk 0:41:01]} 23. Na2 {[%clk 0:20:20]} Qd5
{[%clk 0:33:19]} 24. b3 {[%clk 0:18:48]} Qa5 {[%clk 0:30:19]} 25. a4
{[%clk 0:16:15]} Rb6 {[%clk 0:28:09]} 26. Qe2 {[%clk 0:14:40]} Rcb8
{[%clk 0:26:16]} 27. Nd2 {[%clk 0:14:51]} Qd5 {[%clk 0:24:48]} 28. Rbc1
{[%clk 0:14:44]} a5 {[%clk 0:20:45]} 29. Nc3 {[%clk 0:14:03]} Qf5
{[%clk 0:21:06]} 30. Qf3 {[%clk 0:13:08]} Qg5 {[%clk 0:18:20]} 31. Qf4
{[%clk 0:09:33]} Qh5 {[%clk 0:15:59]} 32. Qh4 {[%clk 0:09:19]} Qg6
{[%clk 0:15:00]} 33. Nc4 {[%clk 0:09:18]} Rxb3 {[%clk 0:12:47]} 34. Nxa5
{[%clk 0:09:34]} R3b6 {[%clk 0:12:50]} 35. Ne2 {[%clk 0:08:26]} Rc8
{[%clk 0:11:38]} 36. Nc4 {[%clk 0:04:18]} Rb4 {[%clk 0:11:40]} 37. a5
{[%clk 0:04:33]} Ra8 {[%clk 0:10:38]} 38. Nf4 {[%clk 0:04:12]} Qf5
{[%clk 0:06:17]} 39. Nd6 {[%clk 0:04:02]} Qxa5 {[%clk 0:06:15]} 40. Nd3
{[%clk 0:03:03]} Ra4 {[%clk 0:05:20]} 41. Qf4 {[%clk 0:02:08]} Qd5
{[%clk 0:04:22]} 42. Nb2 {[%clk 0:01:49]} g5 {[%clk 0:02:36]} 43. Qf3
{[%clk 0:01:44]} Qxd6 {[%clk 0:01:59]} 44. Nxa4 {[%clk 0:02:13]} Rxa4
{[%clk 0:02:24]} 45. Rxc6 {[%clk 0:02:39]} Qd5 {[%clk 0:02:32]} 46. Rc8+
{[%clk 0:02:32]} Kg7 {[%clk 0:02:57]} 47. Qc3 {[%clk 0:02:55]} Ra2
{[%clk 0:02:20]} 48. Rd8 {[%clk 0:02:42]} Rxf2 {[%clk 0:02:34]} 0-1

[Event "EYCC 2024 - O14"]
[Site "?"]
[Date "2024.08.26"]
[Round "5.4"]
[White "Karvatskyi, Oleksii"]
[Black "Korchynskyi, Mykola"]
[Result "0-1"]
[BlackElo "2312"]
[WhiteElo "2144"]
[LiveChessVersion "1.4.8"]

1. e4 {[%clk 1:30:56]} c6 {[%clk 1:30:49]} 2. d4 {[%clk 1:31:21]} d5
{[%clk 1:31:15]} 3. e5 {[%clk 1:31:47]} Bf5 {[%clk 1:31:38]} 4. h4
{[%clk 1:31:42]} h5 {[%clk 1:31:30]} 5. Nf3 {[%clk 1:29:04]} e6 {[%clk 1:30:40]}
6. Bd3 {[%clk 1:28:41]} Bxd3 {[%clk 1:30:46]} 7. Qxd3 {[%clk 1:28:50]} Qa5+
{[%clk 1:31:02]} 8. Nbd2 {[%clk 1:25:58]} Nh6 {[%clk 1:30:41]} 9. O-O
{[%clk 1:25:50]} Nf5 {[%clk 1:30:55]} 10. Nb3 {[%clk 1:15:58]} Qa6
{[%clk 1:31:02]} 11. Bg5 {[%clk 1:14:28]} Qxd3 {[%clk 1:29:25]} 12. cxd3
{[%clk 1:14:57]} a5 {[%clk 1:27:01]} 13. a4 {[%clk 1:11:57]} b6 {[%clk 1:27:01]}
14. Rfc1 {[%clk 1:10:32]} Kd7 {[%clk 1:26:58]} 15. Bd2 {[%clk 1:09:51]} Be7
{[%clk 1:23:35]} 16. g3 {[%clk 1:09:48]} Na6 {[%clk 1:23:46]} 17. Kf1
{[%clk 1:09:02]} Rhc8 {[%clk 1:06:30]} 18. Ke2 {[%clk 1:04:24]} Ra7
{[%clk 1:03:12]} 19. Rc2 {[%clk 0:59:22]} Bb4 {[%clk 0:58:26]} 20. Bxb4
{[%clk 0:57:17]} Nxb4 {[%clk 0:58:06]} 21. Rc3 {[%clk 0:57:29]} Kc7
{[%clk 0:57:18]} 22. Ne1 {[%clk 0:51:46]} Kb8 {[%clk 0:53:00]} 23. Nc2
{[%clk 0:27:07]} Na6 {[%clk 0:53:21]} 24. Ne3 {[%clk 0:25:31]} Ne7
{[%clk 0:53:44]} 25. Kd2 {[%clk 0:20:18]} Rac7 {[%clk 0:52:29]} 26. Nc2
{[%clk 0:18:35]} Kb7 {[%clk 0:47:47]} 27. Rc1 {[%clk 0:17:55]} Ng6
{[%clk 0:46:00]} 28. Re1 {[%clk 0:15:44]} Nb8 {[%clk 0:41:45]} 29. Na3
{[%clk 0:15:32]} Ne7 {[%clk 0:40:56]} 30. Rec1 {[%clk 0:14:55]} Nf5
{[%clk 0:41:01]} 31. Re1 {[%clk 0:14:56]} Nd7 {[%clk 0:38:46]} 32. Rec1
{[%clk 0:13:41]} Nb8 {[%clk 0:30:25]} 33. Re1 {[%clk 0:13:49]} Na6
{[%clk 0:26:37]} 34. Rec1 {[%clk 0:13:57]} Nb4 {[%clk 0:24:25]} 35. Ra1
{[%clk 0:14:19]} Rg8 {[%clk 0:23:08]} 36. Rh1 {[%clk 0:09:10]} g5
{[%clk 0:15:27]} 37. hxg5 {[%clk 0:09:27]} Rxg5 {[%clk 0:15:50]} 38. Rh3
{[%clk 0:09:28]} Rc8 {[%clk 0:14:57]} 39. Rc1 {[%clk 0:09:20]} Rf8
{[%clk 0:13:10]} 40. Nc2 {[%clk 0:09:25]} Nxc2 {[%clk 0:12:58]} 41. Kxc2
{[%clk 0:09:49]} f6 {[%clk 0:12:33]} 42. Rch1 {[%clk 0:09:33]} fxe5
{[%clk 0:12:57]} 43. dxe5 {[%clk 0:10:02]} Ng7 {[%clk 0:12:07]} 44. f4
{[%clk 0:10:26]} Rg4 {[%clk 0:10:26]} 45. Nd4 {[%clk 0:10:39]} c5
{[%clk 0:10:14]} 46. Nb5 {[%clk 0:07:58]} Kc6 {[%clk 0:05:34]} 47. Kd2
{[%clk 0:07:44]} d4 {[%clk 0:04:23]} 48. Nd6 {[%clk 0:07:06]} h4 {[%clk 0:04:29]}
49. Rxh4 {[%clk 0:06:49]} Rxg3 {[%clk 0:04:54]} 50. Ne4 {[%clk 0:06:26]} Rg2+
{[%clk 0:05:03]} 51. Kc1 {[%clk 0:06:52]} Nf5 {[%clk 0:04:13]} 52. Rh7
{[%clk 0:06:29]} c4 {[%clk 0:02:24]} 53. dxc4 {[%clk 0:06:21]} Ne3
{[%clk 0:02:06]} 54. b4 {[%clk 0:01:38]} axb4 {[%clk 0:02:24]} 55. R1h6
{[%clk 0:01:29]} Nxc4 {[%clk 0:02:33]} 56. Ng5 {[%clk 0:01:42]} b3
{[%clk 0:02:33]} 57. Rxe6+ {[%clk 0:01:34]} Kc5 {[%clk 0:02:58]} 58. Rc7+
{[%clk 0:01:08]} Kb4 {[%clk 0:03:26]} 59. Rxc4+ {[%clk 0:00:46]} Kxc4
{[%clk 0:03:52]} 60. Rc6+ {[%clk 0:01:04]} Kd3 {[%clk 0:03:18]} 61. Nh3
{[%clk 0:00:58]} Rh2 {[%clk 0:02:37]} 62. Rxb6 {[%clk 0:01:11]} Rc8+
{[%clk 0:03:03]} 63. Kb1 {[%clk 0:01:37]} Kc3 {[%clk 0:02:16]} 64. Rg6
{[%clk 0:01:49]} Rxh3 {[%clk 0:02:37]} 65. Rg1 {[%clk 0:02:15]} b2
{[%clk 0:02:52]} 66. e6 {[%clk 0:02:38]} Kb3 {[%clk 0:03:18]} 67. e7
{[%clk 0:02:58]} Rhc3 {[%clk 0:03:44]} 68. Rg3 {[%clk 0:02:31]} Rxg3
{[%clk 0:04:09]} 69. e8=N {[%clk 0:02:56]} Rc1# {[%clk 0:04:31]} 0-1

[Event "EYCC 2024 - O14"]
[Site "?"]
[Date "2024.08.26"]
[Round "5.5"]
[White "Dotzer, Lukas"]
[Black "Nemitz, Alfred"]
[Result "1-0"]
[BlackElo "2201"]
[WhiteElo "2391"]
[LiveChessVersion "1.4.8"]

1. e4 {[%clk 1:30:58]} e5 {[%clk 1:30:56]} 2. Nf3 {[%clk 1:31:22]} Nc6
{[%clk 1:31:23]} 3. Bb5 {[%clk 1:31:45]} a6 {[%clk 1:31:51]} 4. Ba4
{[%clk 1:32:08]} Nf6 {[%clk 1:32:15]} 5. O-O {[%clk 1:32:29]} Be7
{[%clk 1:32:43]} 6. d3 {[%clk 1:32:50]} b5 {[%clk 1:32:58]} 7. Bb3
{[%clk 1:33:13]} d6 {[%clk 1:33:25]} 8. a3 {[%clk 1:33:35]} O-O {[%clk 1:32:58]}
9. Nc3 {[%clk 1:34:00]} Na5 {[%clk 1:33:16]} 10. Ba2 {[%clk 1:34:22]} Be6
{[%clk 1:33:41]} 11. b4 {[%clk 1:34:13]} Bxa2 {[%clk 1:34:05]} 12. Rxa2
{[%clk 1:34:38]} Nc6 {[%clk 1:34:29]} 13. Bg5 {[%clk 1:34:58]} Ng4
{[%clk 1:34:28]} 14. Bd2 {[%clk 1:35:20]} Nf6 {[%clk 1:34:54]} 15. Nd5
{[%clk 1:35:40]} Nxd5 {[%clk 1:32:11]} 16. exd5 {[%clk 1:36:03]} Nb8
{[%clk 1:32:28]} 17. a4 {[%clk 1:36:14]} bxa4 {[%clk 1:28:44]} 18. c4
{[%clk 1:23:53]} c6 {[%clk 1:24:10]} 19. dxc6 {[%clk 1:18:48]} Nxc6
{[%clk 1:20:43]} 20. Qxa4 {[%clk 1:18:43]} Qb6 {[%clk 1:15:39]} 21. Rfa1
{[%clk 0:59:02]} Rab8 {[%clk 0:59:03]} 22. Rb1 {[%clk 0:54:22]} Nd4
{[%clk 0:57:19]} 23. Qxa6 {[%clk 0:47:04]} Nxf3+ {[%clk 0:57:16]} 24. gxf3
{[%clk 0:47:26]} Qd4 {[%clk 0:57:35]} 25. Qc6 {[%clk 0:36:30]} Qxd3
{[%clk 0:52:40]} 26. Qe4 {[%clk 0:36:27]} Qxe4 {[%clk 0:53:02]} 27. fxe4
{[%clk 0:36:52]} Rfc8 {[%clk 0:53:27]} 28. b5 {[%clk 0:31:39]} Bd8
{[%clk 0:50:32]} 29. Be3 {[%clk 0:20:56]} Kf8 {[%clk 0:44:29]} 30. Rb4
{[%clk 0:08:04]} Ke8 {[%clk 0:40:27]} 31. Ra7 {[%clk 0:05:24]} Rc7
{[%clk 0:38:46]} 32. Ra6 {[%clk 0:03:37]} Kd7 {[%clk 0:36:31]} 33. Kf1
{[%clk 0:01:45]} Rbc8 {[%clk 0:32:53]} 34. Raa4 {[%clk 0:01:42]} Be7
{[%clk 0:32:04]} 35. Rb3 {[%clk 0:01:43]} Bd8 {[%clk 0:31:50]} 36. f3
{[%clk 0:00:44]} g6 {[%clk 0:24:32]} 37. Ke2 {[%clk 0:01:02]} f5 {[%clk 0:24:43]}
38. Kd3 {[%clk 0:01:28]} h5 {[%clk 0:24:54]} 39. c5 {[%clk 0:00:55]} dxc5
{[%clk 0:23:09]} 40. Kc4 {[%clk 0:01:20]} Rb7 {[%clk 0:23:27]} 41. Ra6
{[%clk 0:00:50]} Bb6 {[%clk 0:16:32]} 42. Rd3+ {[%clk 0:01:15]} Kc7
{[%clk 0:15:09]} 43. Rd5 {[%clk 0:00:55]} fxe4 {[%clk 0:10:43]} 44. fxe4
{[%clk 0:01:20]} Re8 {[%clk 0:10:06]} 45. Bxc5 {[%clk 0:00:49]} Re6
{[%clk 0:10:34]} 46. h4 {[%clk 0:00:39]} Rb8 {[%clk 0:09:12]} 47. Rd3
{[%clk 0:00:39]} Rf6 {[%clk 0:08:28]} 48. Rg3 {[%clk 0:00:46]} Rg8
{[%clk 0:06:51]} 49. Rg5 {[%clk 0:01:00]} Bxc5 {[%clk 0:04:48]} 50. Rxf6
{[%clk 0:01:20]} Be7 {[%clk 0:05:17]} 51. Rfxg6 {[%clk 0:00:54]} Rd8
{[%clk 0:05:45]} 52. Rxe5 {[%clk 0:01:07]} 1-0

[Event "EYCC 2024 - O14"]
[Site "?"]
[Date "2024.08.26"]
[Round "5.6"]
[White "Cieslak, Patryk"]
[Black "Grooten, Tommy"]
[Result "1-0"]
[BlackElo "2146"]
[WhiteElo "2374"]
[LiveChessVersion "1.4.8"]

1. e4 {[%clk 1:30:58]} c5 {[%clk 1:30:56]} 2. Nf3 {[%clk 1:31:24]} e6
{[%clk 1:31:22]} 3. d4 {[%clk 1:31:52]} cxd4 {[%clk 1:31:48]} 4. Nxd4
{[%clk 1:32:18]} Nf6 {[%clk 1:32:12]} 5. Nc3 {[%clk 1:32:32]} d6 {[%clk 1:32:37]}
6. f4 {[%clk 1:32:45]} a6 {[%clk 1:32:32]} 7. Qf3 {[%clk 1:32:42]} Qc7
{[%clk 1:32:47]} 8. Be3 {[%clk 1:29:00]} b5 {[%clk 1:31:04]} 9. a3
{[%clk 1:15:36]} Bb7 {[%clk 1:27:37]} 10. g4 {[%clk 1:11:58]} Nc6
{[%clk 1:24:52]} 11. g5 {[%clk 1:08:14]} Nd7 {[%clk 1:24:55]} 12. O-O-O
{[%clk 1:00:48]} Be7 {[%clk 1:18:44]} 13. Nxc6 Bxc6 {[%clk 1:11:28]} 14. Bd4
{[%clk 0:57:07]} e5 {[%clk 1:08:30]} 15. Be3 {[%clk 0:54:46]} exf4
{[%clk 1:08:03]} 16. Bxf4 {[%clk 0:53:36]} Ne5 {[%clk 1:06:50]} 17. Qg3
{[%clk 0:49:36]} O-O {[%clk 1:04:58]} 18. Nd5 {[%clk 0:40:45]} Bxd5
{[%clk 1:04:57]} 19. Rxd5 {[%clk 0:40:56]} Rac8 {[%clk 1:02:14]} 20. Qb3
{[%clk 0:39:28]} Qa5 {[%clk 0:57:59]} 21. Bh3 {[%clk 0:35:16]} Rc7
{[%clk 0:52:43]} 22. Kb1 {[%clk 0:33:33]} Qb6 {[%clk 0:44:45]} 23. Bxe5
{[%clk 0:30:33]} dxe5 {[%clk 0:45:06]} 24. Rxe5 {[%clk 0:30:33]} Qd4
{[%clk 0:42:28]} 25. Qd5 {[%clk 0:23:45]} Qa4 {[%clk 0:40:47]} 26. Qd3
{[%clk 0:19:35]} b4 {[%clk 0:38:03]} 27. axb4 {[%clk 0:17:45]} Bxb4
{[%clk 0:37:10]} 28. Rd1 {[%clk 0:15:18]} Bc3 {[%clk 0:27:36]} 29. bxc3
{[%clk 0:15:17]} Qa3 {[%clk 0:28:00]} 30. c4 {[%clk 0:15:22]} Rb7+
{[%clk 0:27:24]} 31. Rb5 {[%clk 0:15:51]} Qxd3 {[%clk 0:27:43]} 32. cxd3
{[%clk 0:16:10]} axb5 {[%clk 0:28:01]} 33. c5 {[%clk 0:16:36]} Rc7
{[%clk 0:25:08]} 34. d4 {[%clk 0:16:02]} Re8 {[%clk 0:24:00]} 35. Bg2
{[%clk 0:13:52]} f6 {[%clk 0:22:09]} 36. Kb2 {[%clk 0:11:56]} Rd8
{[%clk 0:21:16]} 37. Bf3 {[%clk 0:10:31]} fxg5 {[%clk 0:19:42]} 38. Kc3
{[%clk 0:09:38]} Rf8 {[%clk 0:18:36]} 39. Be2 {[%clk 0:09:20]} Rf4
{[%clk 0:15:37]} 40. e5 {[%clk 0:08:49]} Kf7 {[%clk 0:14:43]} 41. Bxb5
{[%clk 0:08:54]} Ke7 {[%clk 0:14:13]} 42. c6 {[%clk 0:08:17]} Kd8
{[%clk 0:11:27]} 43. d5 {[%clk 0:07:41]} Rf3+ {[%clk 0:09:19]} 44. Kd4
{[%clk 0:06:32]} Rf4+ {[%clk 0:09:11]} 45. Kc5 {[%clk 0:06:08]} Re4
{[%clk 0:07:34]} 46. Kd6 {[%clk 0:05:35]} Rh4 {[%clk 0:07:11]} 47. Ra1
{[%clk 0:05:21]} Rxh2 {[%clk 0:06:46]} 48. Ra8+ {[%clk 0:05:47]} Rc8
{[%clk 0:07:10]} 49. c7# {[%clk 0:06:13]} 1-0

[Event "EYCC 2024 - O14"]
[Site "?"]
[Date "2024.08.26"]
[Round "5.7"]
[White "Brzezina, Piotr"]
[Black "Oktem, Ege Tuna"]
[Result "1/2-1/2"]
[BlackElo "2144"]
[WhiteElo "2341"]
[LiveChessVersion "1.4.8"]

1. e4 {[%clk 1:29:47]} e6 {[%clk 1:30:55]} 2. d4 {[%clk 1:30:12]} d5
{[%clk 1:31:21]} 3. Nc3 {[%clk 1:30:39]} Nf6 {[%clk 1:31:47]} 4. e5
{[%clk 1:31:05]} Nfd7 {[%clk 1:32:13]} 5. f4 {[%clk 1:31:30]} c5 {[%clk 1:32:41]}
6. Nf3 {[%clk 1:31:57]} Qb6 {[%clk 1:32:42]} 7. dxc5 {[%clk 1:31:23]} Bxc5
{[%clk 1:31:56]} 8. Na4 {[%clk 1:31:46]} Qa5+ {[%clk 1:26:09]} 9. c3
{[%clk 1:32:08]} Be7 {[%clk 1:26:34]} 10. b4 {[%clk 1:32:31]} Qc7
{[%clk 1:27:02]} 11. Be3 {[%clk 1:30:28]} a5 {[%clk 1:15:52]} 12. a3
{[%clk 1:21:59]} b6 {[%clk 1:02:12]} 13. Bd3 {[%clk 1:17:52]} Ba6
{[%clk 0:57:49]} 14. b5 {[%clk 0:58:57]} Bb7 {[%clk 0:58:11]} 15. O-O
{[%clk 0:59:17]} g6 {[%clk 0:49:45]} 16. Qe2 {[%clk 0:35:40]} Nc5
{[%clk 0:49:06]} 17. Nxc5 {[%clk 0:36:05]} Bxc5 {[%clk 0:49:06]} 18. Bd4
{[%clk 0:31:40]} Nd7 {[%clk 0:49:21]} 19. Qe3 {[%clk 0:30:07]} O-O-O
{[%clk 0:41:27]} 20. Nd2 {[%clk 0:20:56]} Kb8 {[%clk 0:36:58]} 21. Nb3
{[%clk 0:16:52]} Rc8 {[%clk 0:31:55]} 22. Rfc1 {[%clk 0:15:31]} Qd8
{[%clk 0:24:51]} 23. a4 {[%clk 0:14:14]} Qe7 {[%clk 0:24:10]} 24. Bxc5
{[%clk 0:10:47]} Nxc5 {[%clk 0:24:32]} 25. Nxc5 {[%clk 0:11:13]} Rxc5
{[%clk 0:23:29]} 26. Qd4 {[%clk 0:11:01]} Rhc8 {[%clk 0:22:47]} 27. Rc2
{[%clk 0:11:00]} Ka7 {[%clk 0:22:47]} 28. Rac1 {[%clk 0:09:16]} R5c7
{[%clk 0:22:13]} 29. Ra1 {[%clk 0:08:31]} 1/2-1/2

[Event "EYCC 2024 - O14"]
[Site "?"]
[Date "2024.08.26"]
[Round "5.8"]
[White "Myagmarsuren, Evsuld"]
[Black "Balint, Peter"]
[Result "0-1"]
[BlackElo "2336"]
[WhiteElo "2142"]
[LiveChessVersion "1.4.8"]

1. e4 {[%clk 1:30:59]} c5 {[%clk 1:30:57]} 2. Nf3 {[%clk 1:31:23]} d6
{[%clk 1:31:22]} 3. d4 {[%clk 1:31:43]} cxd4 {[%clk 1:31:48]} 4. Nxd4
{[%clk 1:32:09]} Nf6 {[%clk 1:32:13]} 5. Nc3 {[%clk 1:32:35]} a6 {[%clk 1:32:39]}
6. Be3 {[%clk 1:32:49]} e5 {[%clk 1:33:03]} 7. Nb3 {[%clk 1:30:12]} Be7
{[%clk 1:33:27]} 8. f3 {[%clk 1:30:32]} Be6 {[%clk 1:33:53]} 9. Qd2
{[%clk 1:30:43]} h5 {[%clk 1:34:17]} 10. Be2 {[%clk 1:30:05]} Nbd7
{[%clk 1:34:26]} 11. Nd5 {[%clk 1:27:47]} Bxd5 {[%clk 1:34:02]} 12. exd5
{[%clk 1:28:10]} Qc7 {[%clk 1:34:28]} 13. c4 {[%clk 1:26:56]} a5 {[%clk 1:31:29]}
14. Rc1 {[%clk 1:24:26]} a4 {[%clk 1:31:42]} 15. Na1 {[%clk 1:24:52]} Qa5
{[%clk 1:30:45]} 16. Nc2 {[%clk 1:23:02]} Qxd2+ {[%clk 1:26:22]} 17. Kxd2
{[%clk 1:23:18]} Bd8 {[%clk 1:22:06]} 18. Bd3 {[%clk 1:20:50]} Bb6
{[%clk 1:17:46]} 19. Bxb6 {[%clk 1:18:15]} Nxb6 {[%clk 1:18:10]} 20. Na3
{[%clk 1:18:20]} Nbd7 {[%clk 1:13:30]} 21. Bc2 {[%clk 1:15:05]} Ke7
{[%clk 1:10:50]} 22. Nb5 {[%clk 1:15:02]} Ra5 {[%clk 1:08:38]} 23. Nc3
{[%clk 1:04:50]} Rc8 {[%clk 1:02:14]} 24. b3 {[%clk 1:03:47]} axb3
{[%clk 0:49:27]} 25. axb3 {[%clk 1:04:11]} b5 {[%clk 0:44:07]} 26. Nxb5
{[%clk 1:02:57]} Nxd5 {[%clk 0:43:42]} 27. Ra1 {[%clk 1:02:35]} Rxa1
{[%clk 0:37:10]} 28. Rxa1 {[%clk 1:02:21]} N5b6 {[%clk 0:37:29]} 29. Bf5
{[%clk 0:49:13]} g6 {[%clk 0:33:20]} 30. Bxd7 {[%clk 0:48:59]} Nxd7
{[%clk 0:33:44]} 31. Ra7 {[%clk 0:47:51]} Rb8 {[%clk 0:31:08]} 32. Kc3
{[%clk 0:47:09]} d5 {[%clk 0:28:03]} 33. Nc7 {[%clk 0:46:52]} dxc4
{[%clk 0:26:45]} 34. bxc4 {[%clk 0:46:43]} f5 {[%clk 0:24:48]} 35. Ra6
{[%clk 0:39:18]} Kf7 {[%clk 0:24:17]} 36. Ne6 {[%clk 0:38:30]} Ke7
{[%clk 0:15:19]} 37. Ng5 {[%clk 0:37:57]} Nc5 {[%clk 0:14:43]} 38. Ra5
{[%clk 0:35:07]} Nd7 {[%clk 0:13:37]} 39. h4 {[%clk 0:33:02]} Rb1
{[%clk 0:13:45]} 40. Ra6 {[%clk 0:32:46]} Rc1+ {[%clk 0:13:26]} 41. Kb4
{[%clk 0:31:10]} Rb1+ {[%clk 0:13:43]} 42. Kc3 {[%clk 0:31:35]} Rc1+
{[%clk 0:13:14]} 43. Kd2 {[%clk 0:31:42]} Rxc4 {[%clk 0:12:56]} 44. Rxg6
{[%clk 0:28:43]} Rxh4 {[%clk 0:13:20]} 45. Re6+ {[%clk 0:28:38]} Kf8
{[%clk 0:12:15]} 46. Rd6 {[%clk 0:28:29]} Rh2 {[%clk 0:08:35]} 47. Nh7+
{[%clk 0:28:33]} Ke7 {[%clk 0:08:48]} 48. Rg6 {[%clk 0:28:54]} Kf7
{[%clk 0:09:11]} 49. Rg5 {[%clk 0:27:00]} h4 {[%clk 0:08:54]} 50. Ke3
{[%clk 0:14:38]} Rh1 {[%clk 0:05:12]} 51. Kd3 {[%clk 0:11:56]} h3
{[%clk 0:03:47]} 52. gxh3 {[%clk 0:12:21]} Rxh3 {[%clk 0:04:11]} 53. Rxf5+
{[%clk 0:12:38]} Kg6 {[%clk 0:04:32]} 54. Rf7 {[%clk 0:13:02]} Nc5+
{[%clk 0:04:45]} 55. Kc4 {[%clk 0:13:26]} Rh4+ {[%clk 0:05:02]} 56. Kxc5
{[%clk 0:13:38]} Kxf7 {[%clk 0:05:28]} 57. Ng5+ {[%clk 0:13:38]} Kf6
{[%clk 0:05:48]} 58. Ne4+ {[%clk 0:14:02]} Kf5 {[%clk 0:06:14]} 59. Kd5
{[%clk 0:13:47]} Rxe4 {[%clk 0:06:33]} 0-1